Ekonomi (Record no. 9593)

000 -LEADER
fixed length control field 00815nmm a2200253 a 4500
001 - CONTROL NUMBER
control field ocm000891621
003 - CONTROL NUMBER IDENTIFIER
control field TR-IsHL
005 - DATE AND TIME OF LATEST TRANSACTION
control field 20201028144741.0
008 - FIXED-LENGTH DATA ELEMENTS--GENERAL INFORMATION
fixed length control field 141121s[201 tu tur
007 - PHYSICAL DESCRIPTION FIXED FIELD--GENERAL INFORMATION
fixed length control field cr cn
035 ## - SYSTEM CONTROL NUMBER
System control number 891621
-- (N$T)
050 04 - LIBRARY OF CONGRESS CALL NUMBER
Classification number HB62
Item number .E46 [201?]
090 04 - LOCALLY ASSIGNED LC-TYPE CALL NUMBER (OCLC); LOCAL CALL NUMBER (RLIN)
Classification number (OCLC) (R) ; Classification number, CALL (RLIN) (NR) HB62
Local cutter number (OCLC) ; Book number/undivided call number, CALL (RLIN) .E46 [201?]
245 10 - TITLE STATEMENT
Title Ekonomi
Medium [electronic resource] /
Statement of responsibility, etc. hazırlayan Aycan Türk
260 ## - PUBLICATION, DISTRIBUTION, ETC.
Place of publication, distribution, etc. İstanbul :
Name of publisher, distributor, etc. Kafekültür Yayıncılık,
Date of publication, distribution, etc. [201?]
300 ## - PHYSICAL DESCRIPTION
Extent 19 p.
650 #4 - SUBJECT ADDED ENTRY--TOPICAL TERM
Topical term or geographic name entry element Ekonomi ve Finans
650 #4 - SUBJECT ADDED ENTRY--TOPICAL TERM
Topical term or geographic name entry element Economics and Finance
650 #0 - SUBJECT ADDED ENTRY--TOPICAL TERM
Topical term or geographic name entry element Ekonomi
General subdivision Terminoloji
650 #0 - SUBJECT ADDED ENTRY--TOPICAL TERM
Topical term or geographic name entry element Economics
General subdivision Terminology
650 #7 - SUBJECT ADDED ENTRY--TOPICAL TERM
Topical term or geographic name entry element BUSINESS & ECONOMICS / Economic Conditions
Source of heading or term bisacsh
700 1# - ADDED ENTRY--PERSONAL NAME
Personal name Türk, Aycan
856 40 - ELECTRONIC LOCATION AND ACCESS
Uniform Resource Identifier <a href="http://search.ebscohost.com/login.aspx?direct=true&scope=site&db=e011xww&AN=891621">http://search.ebscohost.com/login.aspx?direct=true&scope=site&db=e011xww&AN=891621</a>
Holdings
Withdrawn status Lost status Source of classification or shelving scheme Damaged status Not for loan Collection code Permanent Location Current Location Date acquired Total Checkouts Full call number Barcode Date last seen Price effective from Koha item type
        Online   Kıbrıs Amerikan Üniversitesi Kütüphanesi / American University of Cyprus Kıbrıs Amerikan Üniversitesi Kütüphanesi / American University of Cyprus 28.10.2020   HB62 .E46 [201?] 891621 28.10.2020 28.10.2020 E-Kitap
Devinim Yazılım Eğitim Danışmanlık tarafından Koha'nın orjinal sürümü uyarlanarak geliştirilip kurulmuştur.